| 000 | 01048nam a2200277 i 4500 | ||
|---|---|---|---|
| 001 | bg | ||
| 003 | BPK | ||
| 005 | 20191016104248.0 | ||
| 008 | 060907s2006 pl a f f |000 0 pol | ||
| 015 | _aPB 279/2007 | ||
| 020 | _a9788389576880 | ||
| 040 | _cBPK | ||
| 080 | _a631.4 | ||
| 080 | _a(07) | ||
| 245 | 1 | 0 |
_aWademekum klasyfikatora gleb : _bpraca zbiorowa / _cpod. red. Franciszka Wocha ; Instytut Uprawy Nawożenia i Gleboznawstwa. Państwowy Instytut Badawczy w Puławach. |
| 250 | _aWyd. 2 uzup. i popr. | ||
| 260 |
_aPuławy : _bInstytut Uprawy Nawożenia i Gleboznawstwa - Państwowy Instytut Badawczy, _c2007. |
||
| 300 |
_a480 s., [12] s. tabl. kolor. : _bil. ; _c24 cm. |
||
| 504 | _aBibliogr. przy rozdz. | ||
| 655 | 4 | _aPodręcznik | |
| 650 | 4 | _aGleboznawstwo | |
| 700 | 1 |
_aWoch, Franciszek. _eRed. |
|
| 710 | 2 |
_aInstytut Uprawy, Nawożenia i Gleboznawstwa (Puławy). _4pbl. |
|
| 942 |
_cKS _2UKD |
||
| 856 |
_uhttp://koha.tu.koszalin.pl/cgi-bin/koha/opac-detail.pl?biblionumber=55454 _yKatalog online BPK |
||
| 999 |
_c55454 _d55454 |
||